[Event "Cappelle op 22nd"]
[Site "Cappelle la Grande"]
[Date "2006.02.24"]
[Round "8"]
[White "Totsky, Leonid"]
[Black "Tomczak, Jacek"]
[Result "1/2-1/2"]
[WhiteElo "2496"]
[BlackElo "2357"]
[PlyCount "50"]
[EventDate "2006.02.18"]
[EventType "swiss"]
[EventRounds "10"]
[EventCountry "FRA"]
[SourceTitle "CBM 110 Extra"]
[Source "ChessBase"]
[SourceDate "2006.03.10"]
[SourceVersion "2"]
[SourceVersionDate "2006.03.10"]
[SourceQuality "1"]

1. e4 d5 2. exd5 Nf6 3. Nf3 Nxd5 4. d4 g6 5. c4 Nb6 6. Nc3 Bg7 7. c5 Nd5 8. Bc4 c6 9. 0-0 0-0 10. Re1 Na6 11. Bg5 Nac7 12. Qb3 Re8 13. Bh4 Be6 14. Bg3 Qd7 15. h3 b5 16. cxb6 axb6 17. Ng5 b5 18. Bf1 Nb6 19. Nxe6 Nxe6 20. d5 Nxd5 21. Nxd5 Qxd5 22. Qxd5 cxd5 23. Bxb5 Rec8 24. a4 Bxb2 25. Rad1 Rc5 1/2-1/2

[Event "Cappelle op 19th"]
[Site "Cappelle la Grande"]
[Date "2003.02.26"]
[Round "6"]
[White "Komljenovic, Davorin"]
[Black "Totsky, Leonid"]
[Result "1-0"]
[WhiteElo "2431"]
[BlackElo "2511"]
[PlyCount "117"]
[EventDate "2003.02.22"]
[EventType "swiss"]
[EventRounds "9"]
[EventCountry "FRA"]
[SourceTitle "CBM 092 Extra"]
[Source "ChessBase"]
[SourceDate "2003.03.07"]
[SourceVersion "1"]
[SourceVersionDate "2003.03.07"]
[SourceQuality "1"]

1. d4 e6 2. c4 b6 3. Nf3 Bb7 4. g3 Bb4+ 5. Bd2 Bxf3 6. exf3 Bxd2+ 7. Nxd2 d5 8. Rc1 Ne7 9. f4 Nbc6 10. Bg2 0-0 11. cxd5 Nb4 12. Nf3 Nbxd5 13. 0-0 Qd6 14. a3 a5 15. Rc4 Rfb8 16. Qc2 h6 17. Rc1 b5 18. Rc5 b4 19. Ne5 bxa3 20. bxa3 c6 21. f5 Ra6 22. fxe6 Qxe6 23. Qd2 Qd6 24. Nc4 Qd7 25. Rxa5 Qa7 26. Rxa6 Qxa6 27. Qa5 Qb5 28. Be4 Rc8 29. Qd2 Rd8 30. Qa5 Rc8 31. a4 Qxa5 32. Nxa5 Ra8 33. Rc5 Nc3 34. Rxc3 Rxa5 35. Bc2 Kf8 36. Rc5 Ra7 37. a5 Ke8 38. Kg2 Kd7 39. Bb3 f6 40. Bc4 Kd6 41. Kf3 Nc8 42. Kg4 Rb7 43. Ba6 Rb4 44. Rc4 Rb8 45. Bxc8 Rxc8 46. Kf5 Rb8 47. Ra4 Kc7 48. a6 Rb5+ 49. Kg6 Kb8 50. Ra2 Rg5+ 51. Kf7 h5 52. Rc2 Kc7 53. Rc5 Kb6 54. Rxg5 fxg5 55. Kxg7 g4 56. Kg6 Kxa6 57. Kxh5 Kb5 58. Kxg4 Kc4 59. h4 1-0

[Event "Cappelle op 19th"]
[Site "Cappelle la Grande"]
[Date "2003.02.24"]
[Round "4"]
[White "Pilgaard, Kim"]
[Black "Totsky, Leonid"]
[Result "1/2-1/2"]
[WhiteElo "2437"]
[BlackElo "2511"]
[PlyCount "24"]
[EventDate "2003.02.22"]
[EventType "swiss"]
[EventRounds "9"]
[EventCountry "FRA"]
[SourceTitle "CBM 092 Extra"]
[Source "ChessBase"]
[SourceDate "2003.03.07"]
[SourceVersion "1"]
[SourceVersionDate "2003.03.07"]
[SourceQuality "1"]

1. e4 e6 2. d4 d5 3. Nc3 Bb4 4. exd5 exd5 5. Bd3 Nc6 6. a3 Ba5 7. Nge2 Nge7 8. 0-0 Bf5 9. Ng3 Bxd3 10. Qxd3 0-0 11. Nce2 Qd7 12. c3 Nd8 1/2-1/2

[Event "Cappelle op 18th"]
[Site "Cappelle la Grande"]
[Date "2002.02.13"]
[Round "5"]
[White "Totsky, Leonid"]
[Black "Ferro, Mario"]
[Result "1-0"]
[WhiteElo "2490"]
[BlackElo "2183"]
[PlyCount "56"]
[EventDate "2002.02.09"]
[EventType "swiss"]
[EventRounds "9"]
[EventCountry "FRA"]
[SourceTitle "CBM 086 Extra"]
[Source "ChessBase"]
[SourceDate "2002.03.14"]
[SourceVersion "1"]
[SourceVersionDate "2002.03.14"]
[SourceQuality "1"]

1. e4 c5 2. Nf3 Nc6 3. Bb5 g6 4. 0-0 Bg7 5. c3 Nh6 6. d4 cxd4 7. cxd4 0-0 8. d5 Nb8 9. d6 e6 10. Nc3 f6 11. Re1 Nf7 12. Be3 a6 13. Bf1 b5 14. Bc5 Nc6 15. Nd4 Nfe5 16. f4 Nxd4 17. Qxd4 Nc6 18. Qf2 Rb8 19. b4 f5 20. e5 g5 21. g3 gxf4 22. gxf4 Kh8 23. Re3 Rg8 24. Bg2 Bb7 25. Rg3 Qf8 26. Kh1 Nxe5 27. Bxb7 Rxb7 28. fxe5 Bxe5 1-0

[Event "Pardubice Czech op"]
[Site "Pardubice"]
[Date "2001.07.26"]
[Round "7"]
[White "Totsky, Leonid"]
[Black "Neverov, Valeriy"]
[Result "0-1"]
[WhiteElo "2481"]
[BlackElo "2564"]
[PlyCount "92"]
[EventDate "2001.07.20"]
[EventType "swiss"]
[EventRounds "9"]
[EventCountry "CZE"]
[SourceTitle "CBM 083 Extra"]
[Source "ChessBase"]
[SourceDate "2001.09.11"]
[SourceVersion "1"]
[SourceVersionDate "2001.09.11"]
[SourceQuality "1"]

1. e4 c5 2. Nf3 e6 3. d3 Nc6 4. g3 d5 5. Qe2 Nf6 6. Bg2 Be7 7. 0-0 b6 8. e5 Nd7 9. c4 d4 10. Re1 Bb7 11. h4 h6 12. Nbd2 Qc7 13. Nf1 0-0-0 14. N1h2 g5 15. hxg5 hxg5 16. Ng4 Rh5 17. Bd2 Rdh8 18. a3 a5 19. b3 Qd8 20. Kf1 R8h7 21. Ng1 Qh8 22. f4 gxf4 23. Bxf4 Bg5 24. Nf2 Bxf4 25. gxf4 Rf5 26. Qf3 Rh4 27. Ngh3 Qh6 28. Kg1 Kc7 29. Qg3 Ne7 30. Bxb7 Kxb7 31. Ng4 Qh5 32. Nhf2 Ng6 33. Re4 Qh8 34. b4 Qa8 35. bxc5 Nxc5 36. Rxd4 Kc7 37. Rb1 Rfh5 38. Qg2 Qxg2+ 39. Kxg2 Ne7 40. Nf6 Rh8 41. Rd6 Nf5 42. d4 Rh2+ 43. Kf3 Nd3 44. N6g4 R8h3+ 45. Nxh3 Rxh3+ 46. Ke4 Nf2+ 0-1

[Event "Pardubice Czech op"]
[Site "Pardubice"]
[Date "2001.07.24"]
[Round "5"]
[White "Fridman, Daniel"]
[Black "Totsky, Leonid"]
[Result "1/2-1/2"]
[WhiteElo "2562"]
[BlackElo "2481"]
[PlyCount "33"]
[EventDate "2001.07.20"]
[EventType "swiss"]
[EventRounds "9"]
[EventCountry "CZE"]
[SourceTitle "CBM 083 Extra"]
[Source "ChessBase"]
[SourceDate "2001.09.11"]
[SourceVersion "1"]
[SourceVersionDate "2001.09.11"]
[SourceQuality "1"]

1. c4 e6 2. Nf3 c5 3. g3 b6 4. Bg2 Bb7 5. 0-0 Nf6 6. Nc3 Nc6 7. e4 d6 8. d4 e5 9. dxe5 dxe5 10. Qa4 Bd6 11. Nd5 0-0 12. Bg5 Be7 13. Rad1 Nd4 14. Bxf6 Bxf6 15. Rc1 Be7 16. Bh3 Bd6 17. a3 1/2-1/2

[Event "Pardubice Czech op"]
[Site "Pardubice"]
[Date "2001.07.23"]
[Round "4"]
[White "Totsky, Leonid"]
[Black "Burmakin, Vladimir"]
[Result "1/2-1/2"]
[WhiteElo "2481"]
[BlackElo "2593"]
[PlyCount "26"]
[EventDate "2001.07.20"]
[EventType "swiss"]
[EventRounds "9"]
[EventCountry "CZE"]
[SourceTitle "CBM 083 Extra"]
[Source "ChessBase"]
[SourceDate "2001.09.11"]
[SourceVersion "1"]
[SourceVersionDate "2001.09.11"]
[SourceQuality "1"]

1. e4 c6 2. d4 d5 3. Nc3 dxe4 4. Nxe4 Bf5 5. Ng3 Bg6 6. h4 h6 7. Nf3 Nd7 8. h5 Bh7 9. Bd3 Bxd3 10. Qxd3 e6 11. Bf4 Qa5+ 12. Bd2 Qc7 13. 0-0-0 0-0-0 1/2-1/2